|
|
|
|
| LEADER |
00000nam0a2200000 4500 |
| 001 |
265456 |
| 005 |
20231101233925.0 |
| 035 |
|
|
|a (RuTPU)RU\TPU\book\288457
|
| 090 |
|
|
|a 265456
|
| 100 |
|
|
|a 20140626d1986 k y0rusy50 ca
|
| 101 |
0 |
|
|a rus
|
| 102 |
|
|
|a RU
|
| 105 |
|
|
|a a z 001zy
|
| 200 |
1 |
|
|a Технология керамзитобетонных изделий на горячем заполнителе
|f Т. М. Штоль, О. Ш. Кикава
|
| 210 |
|
|
|a Москва
|c Стройиздат
|d 1986
|
| 215 |
|
|
|a 132 с.
|c ил.
|
| 225 |
1 |
|
|a Наука - строительному производству
|
| 320 |
|
|
|a Библиогр.: с. 130.
|
| 606 |
1 |
|
|a Бетон легкий
|x Долговечность
|2 stltpush
|3 (RuTPU)RU\TPU\subj\35507
|9 57173
|
| 610 |
1 |
|
|a энергосберегающие технологии
|
| 610 |
1 |
|
|a керамзитобетоны
|
| 610 |
1 |
|
|a керамзитобетонные смеси
|
| 610 |
1 |
|
|a физико-механические свойства
|
| 610 |
1 |
|
|a горячий заполнитель
|
| 610 |
1 |
|
|a структура
|
| 610 |
1 |
|
|a деформативые свойства
|
| 610 |
1 |
|
|a температура
|
| 610 |
1 |
|
|a снижение
|
| 675 |
|
|
|a 666.973
|v 3
|
| 700 |
|
1 |
|a Штоль
|b Т. М.
|g Трофим Михайлович
|
| 701 |
|
1 |
|a Кикава
|b О. Ш.
|g Отар Шакирович
|
| 801 |
|
1 |
|a RU
|b 63413507
|c 20140626
|
| 801 |
|
2 |
|a RU
|b 63413507
|c 20151208
|g RCR
|
| 942 |
|
|
|c BK
|